| 000 | 00507nam a22001817a 4500 | ||
|---|---|---|---|
| 999 |
_c159160 _d159160 |
||
| 005 | 20181206152818.0 | ||
| 010 | _aB-161830 | ||
| 020 |
_a9798189093746 _c95.00 |
||
| 035 | _aB-161830 | ||
| 037 | _bLotus Press | ||
| 082 | _a615.535 | ||
| 100 | _aDevraj, T.L. | ||
| 245 |
_aNature Cure for common diseases/ _cby T.L. Devraj |
||
| 260 |
_aNew Delhi _bLotus Press _c2005 |
||
| 300 |
_a179p. _c24cm.(Pbk.) |
||
| 942 |
_2ddc _cEN _h615.535 _mDEV |
||